| Поле | Инд. | ПП | Название | Значение |
|---|---|---|---|---|
| Тип записи | a | |||
| Библиографический уровень | m | |||
| 001 | Контрольный номер | UNIDUBNAac6b51f71d854d35a53efeaaa18f6f79 | ||
| 005 | Дата корректировки | 20260529120435.0 | ||
| 008 | Кодируемые данные | 20260522 | ||
| 022 | 0_ | a | ISSN | 0012-6756 |
| 084 | a | Индекс другой классификации/Индекс ББК | 84(2=411.2)6; 83.3(2=411.2)6; 84(5Кир=411.2)6; 84(2Рос.Ады)6; 84(5Арм=411.2)6; 84(5Арм)5; 85.143(5Тур)6; 84(2Рос.Удм=411.2)6; 84(2Рос.Удм)6; 85.334.3(2)6 | |
| 090 | a | Полочн. индекс | 95.2 | |
| 099 | a | Индекс | 70250 | |
| 245 | 10 | a | Заглавие | Дружба народов |
| n | Номер части/ раздела | №4/2026 | ||
| b | Продолж. заглавия | независимый литературно-художественный и общественно-политический журнал | ||
| c | Ответственность | учредитель: трудовой коллектив редакции "ДН"; гл. ред. С. Надеев | ||
| 260 | c | Дата издания | 2026 | |
| b | Издательство | Дружба народов | ||
| a | Место издания | Москва | ||
| 300 | a | Объем | 272 с. | |
| 500 | a | Примечание | Журнал | |
| 505 | 0_ | a | Форматированное содержание | Не живаго ещё не имаго |
| b | Автор | Золотарёв С. | ||
| n | Доп. информация | Стихи | ||
| 505 | 0_ | a | Форматированное содержание | Бурштин |
| b | Автор | Топчиев Е. | ||
| n | Доп. информация | Главы романа | ||
| 505 | 0_ | a | Форматированное содержание | В станице Нежинке в те дни |
| b | Автор | Ряшенцев Ю. | ||
| n | Доп. информация | Стихи | ||
| 505 | 0_ | a | Форматированное содержание | Исповедь |
| b | Автор | Саламатов У. | ||
| n | Доп. информация | Рассказы | ||
| 505 | 0_ | a | Форматированное содержание | Память дерева |
| b | Автор | Москвина М. | ||
| n | Доп. информация | Рассказ | ||
| 505 | 0_ | a | Форматированное содержание | Писатель и пустота |
| b | Автор | Антипова Е. | ||
| n | Доп. информация | Рассказ | ||
| 505 | 0_ | a | Форматированное содержание | На поиски нового Гранта |
| b | Автор | Моисеев А. | ||
| n | Доп. информация | Стихи | ||
| 505 | 0_ | a | Форматированное содержание | Старики Нового Мира |
| b | Автор | Валевский А. | ||
| n | Доп. информация | Рассказы | ||
| 505 | 0_ | a | Форматированное содержание | Побег |
| b | Автор | Веселова Н. | ||
| n | Доп. информация | Рассказ | ||
| 505 | 0_ | a | Форматированное содержание | Саша |
| b | Автор | Пономарёв П. | ||
| n | Доп. информация | Рассказ | ||
| 505 | 0_ | a | Форматированное содержание | Монстр |
| b | Автор | Шаов И. | ||
| n | Доп. информация | Рассказ | ||
| 505 | 0_ | a | Форматированное содержание | И слёзный жар, и ожиданье счастья |
| b | Автор | Татевосян А. | ||
| n | Доп. информация | Стихи | ||
| 505 | 0_ | a | Форматированное содержание | Страницы, вырванные из дневника врача |
| b | Автор | Севак Р. | ||
| 505 | 0_ | a | Форматированное содержание | В зените долгий-долгий день |
| b | Автор | Ковалёв В. | ||
| n | Доп. информация | Рассказ | ||
| 505 | 0_ | a | Форматированное содержание | Пальто Пикассо |
| b | Автор | Трунова Г. | ||
| n | Доп. информация | Рассказ | ||
| 505 | 0_ | a | Форматированное содержание | Такое бывает раз в жизни |
| b | Автор | Трунова Г. | ||
| n | Доп. информация | Рассказ | ||
| 505 | 0_ | a | Форматированное содержание | Последние сказочники эпохи |
| b | Автор | Переплеснин М. | ||
| n | Доп. информация | Феномен марыйской живописной школы в туркменском изобразительном искусстве | ||
| 505 | 0_ | a | Форматированное содержание | Удмурдский журнал "Кенеш" ("Совет") - 100 |
| b | Автор | Шумилова А. | ||
| 505 | 0_ | a | Форматированное содержание | Гондыр и Балян |
| b | Автор | Ар-Серги В. | ||
| n | Доп. информация | Рассказ | ||
| 505 | 0_ | a | Форматированное содержание | Математика |
| b | Автор | Евсеева Г. | ||
| n | Доп. информация | Рассказ | ||
| 505 | 0_ | a | Форматированное содержание | Удмурдский колобок |
| b | Автор | Лели Д. | ||
| n | Доп. информация | Рассказ | ||
| 505 | 0_ | a | Форматированное содержание | Хворь |
| b | Автор | Котков В. | ||
| n | Доп. информация | Рассказ | ||
| 505 | 0_ | a | Форматированное содержание | "Нежность, жалость, восхищение, любовь..." |
| b | Автор | Калмыкова В. | ||
| n | Доп. информация | Рецензия на книгу Бориса Минаева "Оды и некрологи: Книга, которая постоянно дополняется и уточняется" | ||
| 505 | 0_ | a | Форматированное содержание | За то, что я пою... |
| b | Автор | Бушуева М. | ||
| n | Доп. информация | Рецензия на книгу Анны Горенко "Королевская шкура шмеля: избранные стихи и проза" | ||
| 505 | 0_ | a | Форматированное содержание | Достучаться до тишины |
| b | Автор | Севрюгина Е. | ||
| n | Доп. информация | Рецензия на книгу Сати Овакимян "Смерть и другие семейные праздники" | ||
| 505 | 0_ | a | Форматированное содержание | "Тоска по мировой культуре" |
| b | Автор | Ахмедов Б. | ||
| n | Доп. информация | Рецензия на книгу Лейлы Шахназаровой "...По пути мне вышло с фраерами" | ||
| 505 | 0_ | a | Форматированное содержание | Приключения свободы |
| b | Автор | Абдуллаев Е. | ||
| 505 | 0_ | a | Форматированное содержание | Другой человек |
| b | Автор | Минаев Б. | ||
| 600 | 14 | a | Персоналии | Коляда Николай Владимирович |
| a | Персоналии | Курбанов Курбангельды | ||
| a | Персоналии | Меретгельдыев Аннагельды | ||
| a | Персоналии | Мурадалиев Аннадурды | ||
| a | Персоналии | Нурмурадов Коссекмурад | ||
| a | Персоналии | Нурыева Айнагозель | ||
| 650 | 04 | a | Основная рубрика | художественная литература; литературоведение |
| 653 | 0_ | a | Ключевые слова | XX век |
| a | Ключевые слова | XXI век | ||
| a | Ключевые слова | адыгейская литература | ||
| a | Ключевые слова | армянская литература | ||
| a | Ключевые слова | драматурги | ||
| a | Ключевые слова | живопись | ||
| a | Ключевые слова | изобразительное искусство | ||
| a | Ключевые слова | киргизская литература | ||
| a | Ключевые слова | литературная критика | ||
| a | Ключевые слова | марыйская живописная школа | ||
| a | Ключевые слова | режиссеры | ||
| a | Ключевые слова | русская литература | ||
| a | Ключевые слова | свободы тема | ||
| a | Ключевые слова | театр | ||
| a | Ключевые слова | Туркмения | ||
| a | Ключевые слова | удмуртская литература | ||
| a | Ключевые слова | художники | ||
| 655 | a | Жанр/ форма (устаревшее) | поэзия | |
| a | Жанр/ форма (устаревшее) | проза | ||
| a | Жанр/ форма (устаревшее) | рассказ | ||
| a | Жанр/ форма (устаревшее) | роман | ||
| a | Жанр/ форма (устаревшее) | стихотворение | ||
| 700 | 12 | a | Автор | Золотарёв С. |
| q | Полное имя | Золотарёв Сергей Феликсович | ||
| 700 | 12 | a | Автор | Топчиев Е. |
| q | Полное имя | Топчиев Евгений Леонидович | ||
| 700 | 12 | a | Автор | Ряшенцев Ю. |
| q | Полное имя | Ряшенцев Юрий Евгеньевич | ||
| 700 | 12 | a | Автор | Саламатов У. |
| q | Полное имя | Саламатов Урмат Саламатович | ||
| 700 | 12 | a | Автор | Москвина М. |
| q | Полное имя | Москвина Марина Львовна | ||
| 700 | 12 | a | Автор | Антипова Е. |
| q | Полное имя | Антипова Елена Вячеславовна | ||
| 700 | 12 | a | Автор | Моисеев А. |
| q | Полное имя | Моисеев Александр Анатольевич | ||
| 700 | 12 | a | Автор | Валевский А. |
| q | Полное имя | Валевский Анатолий Михайлович | ||
| 700 | 12 | a | Автор | Веселова Н. |
| q | Полное имя | Веселова Наталья | ||
| u | Дополнение к имени | Сафронова Наталия Александровна | ||
| 700 | 12 | a | Автор | Пономарёв П. |
| q | Полное имя | Пономарёв Павел Васильевич | ||
| 700 | 12 | a | Автор | Шаов И. |
| q | Полное имя | Шаов Ибрагим Капланович | ||
| 700 | 12 | a | Автор | Татевосян А. |
| q | Полное имя | Татевосян Анаит | ||
| 700 | 12 | a | Автор | Севак Р. |
| q | Полное имя | Севак Рубен | ||
| u | Дополнение к имени | Чилингирян Рубен | ||
| 700 | 12 | a | Автор | Матевосян С. |
| e | Роль лиц | переводчик; автор послесловия | ||
| q | Полное имя | Матевосян Степан Нарбеевич | ||
| 700 | 12 | a | Автор | Джанполадян М. |
| e | Роль лиц | автор предисловия | ||
| q | Полное имя | Джанполадян Магда | ||
| 700 | 12 | a | Автор | Ковалёв В. |
| q | Полное имя | Ковалёв Виталий Васильевич | ||
| 700 | 12 | a | Автор | Трунова Г. |
| q | Полное имя | Трунова Галина Юрьевна | ||
| 700 | 12 | a | Автор | Переплеснин М. |
| q | Полное имя | Переплеснин Михаил Вилорьевич | ||
| 700 | 12 | a | Автор | Шумилова А. |
| e | Роль лиц | автор вступительной статьи | ||
| q | Полное имя | Шумилова Анастасия Петровна | ||
| 700 | 12 | a | Автор | Ар-Серги В. |
| q | Полное имя | Ар-Серги Вячеслав | ||
| u | Дополнение к имени | Сергеев Вячеслав Витальевич | ||
| 700 | 12 | a | Автор | Евсеева Г. |
| q | Полное имя | Евсеева Галина Юрьевна | ||
| 700 | 12 | a | Автор | Лели Д. |
| q | Полное имя | Лели Дарали | ||
| u | Дополнение к имени | Петрова Елена Владимировна | ||
| 700 | 12 | a | Автор | Лели Д. |
| e | Роль лиц | переводчик | ||
| q | Полное имя | Лели Дарали | ||
| u | Дополнение к имени | Петрова Елена Владимировна | ||
| 700 | 12 | a | Автор | Котков В. |
| q | Полное имя | Котков Владимир Васильевич | ||
| 700 | 12 | a | Автор | Евсеева Г. |
| e | Роль лиц | переводчик | ||
| q | Полное имя | Евсеева Галина Юрьевна | ||
| 700 | 12 | a | Автор | Калмыкова В. |
| e | Роль лиц | автор рецензии | ||
| q | Полное имя | Калмыкова Вера Владимировна | ||
| 700 | 12 | a | Автор | Бушуева М. |
| e | Роль лиц | автор рецензии | ||
| q | Полное имя | Бушуева Мария Степанова | ||
| 700 | 12 | a | Автор | Севрюгина Е. |
| e | Роль лиц | автор рецензии | ||
| q | Полное имя | Севрюгина Елена Вячеславовна | ||
| 700 | 12 | a | Автор | Ахмедов Б. |
| e | Роль лиц | автор рецензии | ||
| q | Полное имя | Ахмедов Бах | ||
| 700 | 12 | a | Автор | Абдуллаев Е. |
| q | Полное имя | Абдуллаев Евгений Викторович | ||
| 700 | 12 | a | Автор | Минаев Б. |
| q | Полное имя | Минаев Борис Дорианович | ||
| 773 | 18 | w | Контрольный № источника | RU/IS/BASE/410021789 |
| 901 | t | Тип документа | s | |
| 952 | a | Тип литературы для КСУ ВШ | ЛХЖ | |
| 991 | s | 6 |